000 00442nam a22001937a 4500
003 bpm
005 20260421120449.0
008 260421b |||||||| |||| 00| p spa d
024 _aS. C. C. / M. C. y E. M.:
040 _aAR-CtUCP
041 _aspa
080 _aCDU
100 _aBoccanera Jorge
245 _aMarimba
260 _aBuenos Aires
_bNueva América
650 _aLiteratura - Poesía
942 _cLIB
999 _c76683
_d76683